000 00592nam a2200181Ia 4500
003 GCL
008 140319s9999 xx 000 0 ara d
040 _aGCL /
_cGCL
082 0 4 _a001.6425
_bع ل
100 1 _aعمر مكداشى
245 1 0 _aلغات الكمبيوتر الراقية واصول برمجياتها /
_cعمر مكداشى
260 _a[S.N] :
_bدار الراتب الجامعية ،
_c1986
300 _a214 ص
490 _a
650 0 4 _aالحاسبات الالكترونية
650 0 4 _aالحاسبات الالكترونية- لغات
942 _2ddc
_cBK
999 _c53253
_d53253